ՀՀ Գիտությունների ազգային ակադեմիայի հիմնարար գիտական գրադարան  =   Fundamental Scientific Library of NAS RA

Տօնացոյց : (Record no. 175211)

MARC details
000 -LEADER
fixed length control field 00874nam a2200193 a 4500
001 - CONTROL NUMBER
control field 000477733
003 - CONTROL NUMBER IDENTIFIER
control field AM-YeHGA
005 - DATE AND TIME OF LATEST TRANSACTION
control field 20250618072552.0
008 - FIXED-LENGTH DATA ELEMENTS--GENERAL INFORMATION
fixed length control field 060302s1906 ai r 000 0 arm d
040 ## - CATALOGING SOURCE
Original cataloging agency AM-YeHGA
041 0# - LANGUAGE CODE
Language code of text/sound track or separate title arm
090 ## - LOCALLY ASSIGNED LC-TYPE CALL NUMBER (OCLC); LOCAL CALL NUMBER (RLIN)
-- 176654
100 0# - MAIN ENTRY--PERSONAL NAME
Personal name Սիմեոն Երևանցի,
Titles and words associated with a name Ամենայն հայոց կաթողիկոս,
Dates associated with a name 1710-1780
9 (RLIN) 903
245 10 - TITLE STATEMENT
Title Տօնացոյց :
Remainder of title Նախապէս կարգեալ եւ սահմանեալ Սրբոյն Սահակայ Պարթեւի Հայրապետին Հայոց ըստ աւանդութեան Հայաստանեայց Սրբոյ եկեղեցւոյ /
Statement of responsibility, etc. Աշխատասիր.՝ Սիմէօն Կաթուղիկոս.
250 ## - EDITION STATEMENT
Edition statement 4-րդ տպագր.
260 ## - PUBLICATION, DISTRIBUTION, ETC.
Place of publication, distribution, etc. Վաղարշապատ :
Name of publisher, distributor, etc. տպ. Մայր Աթոռ Ս. Էջմիածնի,
Date of publication, distribution, etc. 1906.
300 ## - PHYSICAL DESCRIPTION
Extent 399 էջ ;
Dimensions 20 սմ.
650 14 - SUBJECT ADDED ENTRY--TOPICAL TERM
Topical term or geographic name entry element Տոնացույց
9 (RLIN) 5148
Holdings
Withdrawn status Lost status Damaged status Not for loan Collection Home library Current library Date acquired Total checkouts Full call number Barcode Date last seen Price effective from Koha item type Public note
        General Fundamental Scientific Library Fundamental Scientific Library 28/12/2016   AII/4890 FL0023757 28/12/2016 28/12/2016 Գրքեր / Books 30 Days Loan
        General Fundamental Scientific Library Fundamental Scientific Library 28/12/2016   AII/4908 FL0023773 28/12/2016 28/12/2016 Գրքեր / Books 30 Days Loan


ՀՀ ԳԱԱ հիմնարար գիտական գրադարան
ՀՀ,Երևան 0019
Մարշալ Բաղրամյան 24/6
հեռախոս:(374-10) 52-47-50
Հետադարձ կապ

All site content, except where otherwise noted, is licensed under a
Creative Commons License